| 000 | 00356 a2200157 4500 | ||
|---|---|---|---|
| 001 | 188963 | ||
| 020 | _a978-85-60655-09-0 | ||
| 040 | _cMagnum | ||
| 100 | _aSant´anna, Eliana | ||
| 240 | 1 | 0 |
_aNa fazenda com torrãozinho _lpor |
| 245 | 1 | 0 | _aNa fazenda com torrãozinho |
| 300 | _a26 | ||
| 362 | 0 | _a2010 | |
| 697 | _aLITERATURA INFANTIL | ||
| 942 | _cBK | ||
| 999 |
_c188963 _d188963 |
||